[Event "Europa ch Femenino 2013"]
[Site "Belgrado SER"]
[Date "2013.08.02"]
[Round "10.3"]
[White "Pogonina, Natalija"]
[Black "Socko, Monika"]
[Result "1/2-1/2"]
[WhiteElo "2478"]
[BlackElo "2435"]
[PlyCount "101"]
[EventDate "2013.07.23"]
[EventType "swiss"]
[EventRounds "11"]
[EventCountry "SER"]
[Source "lmi"]
[SourceDate "2013.07.22"]

1. d4 Nf6 2. c4 e6 3. Nf3 d5 4. g3 dxc4 5. Bg2 Nc6 6. Qa4 Bb4+ 7. Bd2 Bd6 8.
O-O O-O 9. Qxc4 e5 10. d5 Nb8 11. Nc3 Nbd7 12. e4 a6 13. a4 Nb6 14. Qb3 Nbd7
15. Qc2 Re8 16. h3 Bc5 17. Rfe1 b6 18. Rab1 a5 19. Rbd1 Ba6 20. Bc1 Qc8 21. Nh4
Bf8 22. Nb5 Bxb5 23. axb5 Nc5 24. f4 Bd6 25. Nf3 Nfd7 26. f5 a4 27. g4 Nb3 28.
Bg5 Bc5+ 29. Be3 Qd8 30. Kh1 Bxe3 31. Rxe3 Ndc5 32. Bf1 Qd6 33. Bc4 Qh6 34. Qc3
Qxh3+ 35. Nh2 Qh4 36. Rf1 Rad8 37. Qc2 Qg5 38. Qf2 Rd6 39. Rfe1 Rh6 40. Kg1 Nd4
41. Qg2 Rd8 42. Bf1 Rdd6 43. Qg3 Nd7 44. Rd3 Rxh2 45. Kxh2 Nb3 46. Bh3 Nbc5 47.
Rdd1 Rh6 48. Qe3 Qh4 49. Qg3 Qg5 50. Qe3 Qh4 51. Qg3 1/2-1/2

[Event "Europa ch Femenino 2013"]
[Site "Belgrado SER"]
[Date "2013.08.02"]
[Round "10.4"]
[White "Muzychuk, Anna"]
[Black "Mkrtchian, Lilit"]
[Result "1/2-1/2"]
[WhiteElo "2594"]
[BlackElo "2454"]
[PlyCount "91"]
[EventDate "2013.07.23"]
[EventType "swiss"]
[EventRounds "11"]
[EventCountry "SER"]
[Source "lmi"]
[SourceDate "2013.07.22"]

1. e4 e6 2. d4 d5 3. Nc3 Bb4 4. exd5 exd5 5. Bd3 Nc6 6. a3 Be7 7. Nge2 Bf6 8.
Be3 Nge7 9. Qd2 Bf5 10. Ng3 Bxd3 11. Qxd3 g6 12. O-O-O Qd7 13. h4 h5 14. Bf4
Nxd4 15. Be3 c5 16. Nge4 dxe4 17. Nxe4 Qc6 18. Nxf6+ Qxf6 19. Rhe1 Qf5 20. Bxd4
Qxd3 21. Rxe7+ Kxe7 22. Bxc5+ Ke6 23. Rxd3 b6 24. Bd4 Rhe8 25. Rf3 Rad8 26. c3
Rd5 27. Rf6+ Ke7 28. Rf3 Rf5 29. Rxf5 gxf5 30. Be3 Ke6 31. Kc2 Ke5 32. g3 Ke4
33. c4 f4 34. Bxf4 Kd4 35. Be3+ Kxc4 36. b3+ Kd5 37. Kd3 Re6 38. a4 a6 39. Bd4
b5 40. axb5 axb5 41. Be3 Rf6 42. Kc3 Re6 43. Kb4 Kc6 44. Kc3 Kd5 45. Kb4 Kc6
46. Kc3 1/2-1/2

[Event "Europa ch Femenino 2013"]
[Site "Belgrado SER"]
[Date "2013.08.02"]
[Round "10.7"]
[White "Arabidze, Meri"]
[Black "Kovanova, Baira"]
[Result "1/2-1/2"]
[WhiteElo "2320"]
[BlackElo "2371"]
[PlyCount "87"]
[EventDate "2013.07.23"]
[EventType "swiss"]
[EventRounds "11"]
[EventCountry "SER"]
[Source "lmi"]
[SourceDate "2013.07.22"]

1. d4 Nf6 2. c4 e6 3. Nf3 b6 4. Nc3 Bb7 5. a3 Ne4 6. Nxe4 Bxe4 7. e3 Be7 8. Bd3
Bxd3 9. Qxd3 d6 10. O-O Nd7 11. b4 a5 12. Bb2 O-O 13. Rfd1 Qc8 14. Bc3 Qa6 15.
Nd2 Rfd8 16. Nb3 axb4 17. axb4 Qb7 18. f3 Rxa1 19. Rxa1 Ra8 20. Qf1 h6 21. Kf2
Bf6 22. Rxa8+ Qxa8 23. Qa1 Qc6 24. Qa6 Kh7 25. Nd2 d5 26. c5 e5 27. Qd3+ Kg8
28. b5 Qe6 29. c6 exd4 30. Bxd4 Bxd4 31. Qxd4 Nf6 32. g4 h5 33. h3 Qd6 34. Kg2
h4 35. f4 g5 36. Kf3 Ne8 37. Nb1 gxf4 38. Qxf4 Qg6 39. Nc3 Qd3 40. Qg5+ Kf8 41.
Qh6+ Kg8 42. Qg5+ Kf8 43. Qh6+ Kg8 44. Qg5+ 1/2-1/2

[Event "Europa ch Femenino 2013"]
[Site "Belgrado SER"]
[Date "2013.08.02"]
[Round "10.8"]
[White "Gunina, Valentina"]
[Black "Schut, Lisa"]
[Result "1-0"]
[WhiteElo "2507"]
[BlackElo "2277"]
[PlyCount "95"]
[EventDate "2013.07.23"]
[EventType "swiss"]
[EventRounds "11"]
[EventCountry "SER"]
[Source "lmi"]
[SourceDate "2013.07.22"]

1. d4 Nf6 2. c4 g6 3. Nc3 d5 4. Nf3 Bg7 5. e3 O-O 6. Be2 c5 7. dxc5 Qa5 8. cxd5
Nxd5 9. Qxd5 Bxc3+ 10. Kf1 Rd8 11. Qb3 Bf6 12. Bc4 Na6 13. Bd2 Rxd2 14. Nxd2
Qxd2 15. Rd1 Qa5 16. Bxf7+ Kg7 17. Be8 Be6 18. Qxe6 Rxe8 19. g3 Nxc5 20. Qd5 e6
21. Qc4 Qb6 22. b4 Qc6 23. Ke2 Ne4 24. Qxc6 bxc6 25. Rd7+ Re7 26. Rxe7+ Bxe7
27. Rc1 c5 28. f3 Nf6 29. bxc5 Ne8 30. Kd3 Kf6 31. Kc4 Nc7 32. e4 Bd8 33. Rb1
Ke7 34. Rb8 e5 35. c6 a5 36. Rb1 Ne6 37. Kd5 Nc7+ 38. Kxe5 Na6 39. a3 Bc7+ 40.
Kd5 Bd6 41. Rb7+ Nc7+ 42. Kd4 Kd8 43. a4 Kc8 44. Ra7 Bb4 45. f4 h6 46. g4 Be1
47. Kc4 Ne6 48. f5 1-0

[Event "Europa ch Femenino 2013"]
[Site "Belgrado SER"]
[Date "2013.08.02"]
[Round "10.9"]
[White "Kovalevskaya, Ekaterina"]
[Black "Dzagnidze, Nana"]
[Result "1-0"]
[WhiteElo "2407"]
[BlackElo "2558"]
[PlyCount "97"]
[EventDate "2013.07.23"]
[EventType "swiss"]
[EventRounds "11"]
[EventCountry "SER"]
[Source "lmi"]
[SourceDate "2013.07.22"]

1. Nf3 Nf6 2. c4 b6 3. g3 c5 4. Bg2 Bb7 5. O-O g6 6. Nc3 Bg7 7. d4 cxd4 8. Qxd4
d6 9. Qh4 h6 10. Ne1 Bxg2 11. Nxg2 Nc6 12. Ne3 Rc8 13. Bd2 Qd7 14. Ned5 Na5 15.
b3 Nxd5 16. Nxd5 Bxa1 17. Rxa1 Nc6 18. Bc3 Rh7 19. Rd1 Kf8 20. Rd3 Re8 21. Re3
Qf5 22. Nc7 Rc8 23. Nd5 g5 24. Qh5 Ne5 25. f4 Ng6 26. Rf3 Kg8 27. fxg5 Qxg5 28.
Qh3 Rf8 29. Qd7 h5 30. h4 Qc1+ 31. Kf2 f6 32. Qe6+ Rhf7 33. Rf5 Qh6 34. Ke1 Kh7
35. Bd2 Qg7 36. Rxh5+ Kg8 37. Bh6 Qh7 38. g4 Rd8 39. Be3 Qg7 40. Bh6 Qh7 41.
Kd2 Qh8 42. Be3 Qg7 43. Bh6 Qh8 44. Ne3 Qh7 45. Nf5 Re8 46. Bg7 Ne5 47. Rxh7
Kxh7 48. Bh6 Rg8 49. Bf4 1-0

[Event "Europa ch Femenino 2013"]
[Site "Belgrado SER"]
[Date "2013.08.02"]
[Round "10.10"]
[White "Goryachkina, Aleksandra"]
[Black "Kosintseva, Tatiana"]
[Result "1/2-1/2"]
[WhiteElo "2401"]
[BlackElo "2528"]
[PlyCount "130"]
[EventDate "2013.07.23"]
[EventType "swiss"]
[EventRounds "11"]
[EventCountry "SER"]
[Source "lmi"]
[SourceDate "2013.07.22"]

1. d4 Nf6 2. c4 e6 3. Nf3 Bb4+ 4. Bd2 a5 5. Nc3 O-O 6. g3 d6 7. Qc2 b6 8. Bg2
Bb7 9. O-O Nbd7 10. Rfd1 Bxc3 11. Bxc3 Be4 12. Qc1 Qe7 13. b3 Rfe8 14. Bb2 c5
15. Qd2 Red8 16. dxc5 Nxc5 17. Qg5 Rac8 18. Rac1 h6 19. Qd2 d5 20. cxd5 Rxd5
21. Qe1 Rxd1 22. Qxd1 Rd8 23. Qe1 Qb7 24. Bxf6 gxf6 25. Qc3 Kg7 26. Ne1 Bxg2
27. Nxg2 Qd5 28. Nf4 Qe5 29. Qc2 Rd4 30. Rd1 f5 31. e3 Rxd1+ 32. Qxd1 Ne4 33.
f3 Nc5 34. Qd2 b5 35. Kg2 b4 36. Ne2 Na6 37. Qd4 Qxd4 38. Nxd4 Nc7 39. Nc6 Nd5
40. Kf2 Nc3 41. Nxa5 Nxa2 42. Ke2 Kf6 43. Kd3 e5 44. f4 Ke6 45. Nc6 exf4 46.
gxf4 Kd5 47. Nd4 h5 48. h4 Nc1+ 49. Kd2 Na2 50. Nxf5 Ke4 51. Ng3+ Kf3 52. Nxh5
Kg4 53. Nf6+ Kxh4 54. Nd5 Kg4 55. Kd3 Kf3 56. Kc4 f5 57. Kd3 Nc1+ 58. Kc2 Ne2
59. Kd1 Ng3 60. Kd2 Ke4 61. Nf6+ Kf3 62. Kd3 Ne2 63. Nd5 Nc1+ 64. Kc4 Na2 65.
Kd4 Nc1 1/2-1/2

[Event "Europa ch Femenino 2013"]
[Site "Belgrado SER"]
[Date "2013.08.02"]
[Round "10.11"]
[White "Majdan-Gajewska, Joanna"]
[Black "Cramling, Pia"]
[Result "1/2-1/2"]
[WhiteElo "2375"]
[BlackElo "2523"]
[PlyCount "107"]
[EventDate "2013.07.23"]
[EventType "swiss"]
[EventRounds "11"]
[EventCountry "SER"]
[Source "lmi"]
[SourceDate "2013.07.22"]

1. e4 c5 2. Nf3 Nc6 3. d4 cxd4 4. Nxd4 e5 5. Nb5 d6 6. N1c3 a6 7. Na3 Be7 8.
Nc4 b5 9. Ne3 Nf6 10. Bd3 O-O 11. O-O Be6 12. a4 b4 13. Ncd5 Nd7 14. c3 bxc3
15. bxc3 Nc5 16. Ba3 g6 17. Bc2 Bg5 18. Nc4 Kh8 19. Ndb6 Be7 20. Qe2 Na5 21.
Bxc5 dxc5 22. Rfd1 Qb8 23. Rab1 Nxc4 24. Nxc4 Qc7 25. Nb6 Ra7 26. Bd3 a5 27.
Bc4 Rb7 28. Nd5 Bxd5 29. Bxd5 Rxb1 30. Rxb1 Rb8 31. Rb5 Kg7 32. Kf1 c4 33. Qb2
Bd6 34. Ke2 Rxb5 35. Qxb5 Bc5 36. Bxc4 Bb6 37. Qd5 Qe7 38. g3 Qf6 39. f3 g5 40.
Qd7 h5 41. h3 h4 42. gxh4 gxh4 43. Qg4+ Kf8 44. Kd3 Bf2 45. Ke2 Bb6 46. Qd7 Kg7
47. Qb7 Bc5 48. Bd5 Bg1 49. Qb1 Ba7 50. Qe1 Qf4 51. Qd2 Qh2+ 52. Kd3 Qxd2+ 53.
Kxd2 f6 54. Be6 1/2-1/2

[Event "Europa ch Femenino 2013"]
[Site "Belgrado SER"]
[Date "2013.08.02"]
[Round "10.13"]
[White "Ziaziulkina, Nastassia"]
[Black "Muzychuk, Mariya"]
[Result "1/2-1/2"]
[WhiteElo "2321"]
[BlackElo "2484"]
[PlyCount "47"]
[EventDate "2013.07.23"]
[EventType "swiss"]
[EventRounds "11"]
[EventCountry "SER"]
[Source "lmi"]
[SourceDate "2013.07.22"]

1. e4 c5 2. Nf3 e6 3. d4 cxd4 4. Nxd4 Nf6 5. Nc3 Nc6 6. Ndb5 Bb4 7. a3 Bxc3+ 8.
Nxc3 d5 9. exd5 exd5 10. Bd3 O-O 11. O-O d4 12. Ne2 Bg4 13. Bg5 Re8 14. Re1 Qd6
15. Qd2 Rac8 16. Ng3 Nd5 17. Nf5 Qd7 18. Nxg7 Kxg7 19. Bf6+ Nxf6 20. Qg5+ Kf8
21. Qh6+ Kg8 22. Qg5+ Kf8 23. Qh6+ Kg8 24. Qg5+ 1/2-1/2

[Event "Europa ch Femenino 2013"]
[Site "Belgrado SER"]
[Date "2013.08.02"]
[Round "10.14"]
[White "Javakhishvili, Lela"]
[Black "Milliet, Sophie"]
[Result "1/2-1/2"]
[WhiteElo "2465"]
[BlackElo "2396"]
[PlyCount "103"]
[EventDate "2013.07.23"]
[EventType "swiss"]
[EventRounds "11"]
[EventCountry "SER"]
[Source "lmi"]
[SourceDate "2013.07.22"]

1. d4 d5 2. c4 c6 3. Nc3 Nf6 4. e3 g6 5. Nf3 Bg7 6. Be2 O-O 7. O-O dxc4 8. Bxc4
Bg4 9. h3 Bxf3 10. Qxf3 Nbd7 11. Rd1 e5 12. Bb3 Qe7 13. e4 exd4 14. Rxd4 Nc5
15. Bc2 Nfd7 16. Rd1 Ne6 17. Be3 Ne5 18. Qe2 Qb4 19. Bb3 Nc5 20. f4 Ned7 21.
Qc4 Qxc4 22. Bxc4 b5 23. Bb3 Bxc3 24. bxc3 Nxb3 25. axb3 Nf6 26. e5 Nd5 27. Kf2
Nxc3 28. Rdc1 b4 29. Bc5 Rfb8 30. Ra6 Rb5 31. Rxc6 a5 32. Bd4 h5 33. g4 hxg4
34. hxg4 Rd8 35. Bxc3 bxc3 36. R1xc3 Rb4 37. Kf3 Rdd4 38. Rf6 Rb7 39. Rd6 Rdb4
40. Rdd3 Kg7 41. Kg3 a4 42. bxa4 Rxa4 43. Rd8 g5 44. f5 Rbb4 45. f6+ Kh7 46. e6
Rxg4+ 47. Kh3 Rh4+ 48. Kg2 Rhg4+ 49. Kh2 Rh4+ 50. Kg2 Rhg4+ 51. Kh2 Rh4+ 52.
Kg2 1/2-1/2

[Event "Europa ch Femenino 2013"]
[Site "Belgrado SER"]
[Date "2013.08.02"]
[Round "10.16"]
[White "Lagno, Kateryna"]
[Black "Savina, Anastasia"]
[Result "1/2-1/2"]
[WhiteElo "2542"]
[BlackElo "2368"]
[PlyCount "162"]
[EventDate "2013.07.23"]
[EventType "swiss"]
[EventRounds "11"]
[EventCountry "SER"]
[Source "lmi"]
[SourceDate "2013.07.22"]

1. e4 c5 2. Nf3 e6 3. d4 cxd4 4. Nxd4 Nf6 5. Nc3 Nc6 6. Ndb5 Bb4 7. a3 Bxc3+ 8.
Nxc3 d5 9. exd5 exd5 10. Bd3 O-O 11. O-O d4 12. Ne2 Bg4 13. Bg5 Qd6 14. Qd2
Bxe2 15. Bf4 Qc5 16. Bxe2 Qb6 17. b4 Rad8 18. Bf3 Rfe8 19. Rfe1 Rxe1+ 20. Rxe1
a5 21. bxa5 Nxa5 22. Qb4 Qa6 23. Bc7 Ra8 24. Rb1 h6 25. Qxd4 Qc4 26. Qxc4 Nxc4
27. Bxb7 Ra7 28. a4 Rxa4 29. Bd8 Na3 30. Ra1 Rd4 31. Bxf6 gxf6 32. c3 Rd3 33.
Rc1 Nb5 34. c4 Nd4 35. Re1 Rc3 36. Bd5 Ne2+ 37. Kf1 Nf4 38. Rd1 Kf8 39. g3 Nxd5
40. cxd5 Ke7 41. d6+ Kd7 42. Kg2 Rc6 43. Kf3 Rc3+ 44. Ke4 Rc2 45. Ke3 Rc3+ 46.
Kf4 Rc2 47. Kf3 Rc3+ 48. Kg2 Rc6 49. Kh3 Rc2 50. f4 Rc5 51. Kh4 Rc2 52. h3 Rc5
53. Rd3 Rf5 54. Kg4 Rb5 55. f5 Rb8 56. Kh5 Rh8 57. Rd4 Rh7 58. Kg4 Rg7+ 59. Kf4
Rg8 60. Ra4 Kxd6 61. Ra7 Rb8 62. Kg4 Rg8+ 63. Kh4 Ke5 64. g4 Rf8 65. Kh5 Kf4
66. Kxh6 Rh8+ 67. Kg7 Rxh3 68. Kxf6 Kxg4 69. Ra4+ Kh5 70. Kxf7 Rb3 71. f6 Rb7+
72. Ke8 Rb8+ 73. Kf7 Rb7+ 74. Ke6 Rb6+ 75. Ke5 Rb5+ 76. Ke6 Rb6+ 77. Kf7 Rb7+
78. Kg8 Kg6 79. f7 Rxf7 80. Rg4+ Kh5 81. Kxf7 Kxg4 1/2-1/2

[Event "Europa ch Femenino 2013"]
[Site "Belgrado SER"]
[Date "2013.08.02"]
[Round "10.17"]
[White "Zhukova, Natalia"]
[Black "Purtseladze, Maka"]
[Result "1/2-1/2"]
[WhiteElo "2471"]
[BlackElo "2349"]
[PlyCount "101"]
[EventDate "2013.07.23"]
[EventType "swiss"]
[EventRounds "11"]
[EventCountry "SER"]
[Source "lmi"]
[SourceDate "2013.07.22"]

1. d4 Nf6 2. c4 e6 3. Nf3 Bb4+ 4. Bd2 a5 5. Nc3 d6 6. Qc2 O-O 7. a3 Bxc3 8.
Bxc3 Nc6 9. g3 Qe7 10. Bg2 a4 11. O-O e5 12. d5 Nb8 13. Nh4 Nbd7 14. Nf5 Qe8
15. f4 e4 16. g4 Nxg4 17. Nxg7 Qd8 18. Nf5 Nc5 19. Bxe4 Nxe4 20. Qxe4 Bxf5 21.
Qxf5 Qh4 22. Qg5+ Qxg5 23. fxg5 Rae8 24. Rf4 Ne5 25. Kf2 Re7 26. Re4 Rfe8 27.
Rg1 Ng6 28. Rxe7 Nxe7 29. Rg4 Ng6 30. h4 b6 31. h5 Nf8 32. c5 bxc5 33. Rxa4 Nd7
34. Rh4 Nb6 35. e4 Na4 36. Bf6 Rb8 37. g6 Nxb2 38. gxh7+ Kxh7 39. Rg4 Nc4 40.
a4 Kh6 41. Bc3 Kxh5 42. Rf4 Rb3 43. Rf3 Ra3 44. Kg3 Kg6 45. Kg4 Nb6 46. Rf6+
Kg7 47. Rf3+ Kg6 48. Rf6+ Kg7 49. Rf3+ Kg6 50. Rf6+ Kg7 51. Rf3+ 1/2-1/2

[Event "Europa ch Femenino 2013"]
[Site "Belgrado SER"]
[Date "2013.08.02"]
[Round "10.18"]
[White "Lomineishvili, Maia"]
[Black "Khurtsidze, Nino"]
[Result "1/2-1/2"]
[WhiteElo "2351"]
[BlackElo "2443"]
[PlyCount "99"]
[EventDate "2013.07.23"]
[EventType "swiss"]
[EventRounds "11"]
[EventCountry "SER"]
[Source "lmi"]
[SourceDate "2013.07.22"]

1. c4 e6 2. Nc3 d5 3. d4 Nf6 4. cxd5 exd5 5. Bg5 c6 6. e3 Be7 7. Bd3 Nbd7 8.
Qc2 O-O 9. Nge2 Re8 10. f3 h6 11. Bh4 c5 12. O-O b6 13. Bb5 Bb7 14. Bxf6 Bxf6
15. dxc5 Rc8 16. Qf5 Bc6 17. Bxc6 Rxc6 18. Rad1 Re5 19. Qg4 Nxc5 20. e4 Rg5 21.
Qh3 Bxc3 22. Nxc3 Rcg6 23. Nxd5 Rxg2+ 24. Kh1 Rxb2 25. Nf4 Rd6 26. Rxd6 Qxd6
27. Qc8+ Qf8 28. Qf5 Rxa2 29. Rg1 Ne6 30. Nh5 Kh8 31. Nf6 gxf6 32. Qxf6+ Kh7
33. Qf5+ Kh8 34. Qf6+ Ng7 35. Qxh6+ Kg8 36. Qf6 Rd2 37. e5 b5 38. Rg4 Rd1+ 39.
Kg2 Rd2+ 40. Kh1 b4 41. Qh6 Rd1+ 42. Kg2 b3 43. Rh4 Nh5 44. Qxh5 Qg7+ 45. Rg4
b2 46. Rxg7+ Kxg7 47. Qg4+ Kh7 48. Qf5+ Kg7 49. Qg4+ Kh7 50. Qf5+ 1/2-1/2

[Event "Europa ch Femenino 2013"]
[Site "Belgrado SER"]
[Date "2013.08.02"]
[Round "10.1"]
[White "Peptan, Corina-Isabela"]
[Black "Kashlinskaya, Alina"]
[Result "0-1"]
[WhiteElo "2439"]
[BlackElo "2334"]
[PlyCount "84"]
[EventDate "2013.07.23"]
[EventType "swiss"]
[EventRounds "11"]
[EventCountry "SER"]
[Source "lmi"]
[SourceDate "2013.07.22"]

1. c4 g6 2. d4 Nf6 3. Nf3 Bg7 4. g3 O-O 5. Bg2 d6 6. Nc3 Nbd7 7. O-O e5 8. h3
a6 9. Qc2 exd4 10. Nxd4 Ne5 11. Nd5 c5 12. Nb3 Nxd5 13. cxd5 b5 14. a4 Bf5 15.
e4 Bd7 16. Nd2 c4 17. axb5 axb5 18. Rxa8 Qxa8 19. b3 Rc8 20. bxc4 bxc4 21. f4
Nd3 22. Nf3 Nxc1 23. Rxc1 c3 24. Kh2 Qa3 25. Qd1 Ba4 26. Qf1 c2 27. e5 dxe5 28.
fxe5 Bh6 29. Qa6 Bxc1 30. Qxc8+ Qf8 31. Qg4 Be3 32. Qxa4 c1=Q 33. d6 Bc5 34.
Qd7 Bxd6 35. exd6 Qc5 36. Nh4 Qfxd6 37. Qe8+ Kg7 38. Qe1 Qce5 39. Qf2 Qdd4 40.
Qxd4 Qxd4 41. Nf3 Qe3 42. h4 f5 0-1

[Event "Europa ch Femenino 2013"]
[Site "Belgrado SER"]
[Date "2013.08.02"]
[Round "10.2"]
[White "Atalik, Ekaterina"]
[Black "Klinova, Masha"]
[Result "1-0"]
[WhiteElo "2430"]
[BlackElo "2322"]
[PlyCount "149"]
[EventDate "2013.07.23"]
[EventType "swiss"]
[EventRounds "11"]
[EventCountry "SER"]
[Source "lmi"]
[SourceDate "2013.07.22"]

1. d4 d6 2. Nf3 Nf6 3. c4 g6 4. Nc3 Bg7 5. e4 O-O 6. Be2 e5 7. d5 a5 8. Bg5 Qe8
9. Nd2 Nfd7 10. O-O f5 11. exf5 h6 12. f6 Nxf6 13. Bxf6 Bxf6 14. Nde4 Na6 15.
a3 Bf5 16. Bd3 Be7 17. Rb1 c5 18. Nb5 Qd7 19. Qd2 Kg7 20. Rbe1 Nc7 21. Nbc3 Ne8
22. Bc2 Nf6 23. Ng3 Nh7 24. Ba4 Qd8 25. Qe2 Bg5 26. Nxf5+ Rxf5 27. Bc2 Rf7 28.
Qd3 Nf8 29. g3 Qd7 30. Ne4 Re8 31. Kg2 Bd8 32. Qd1 Qe7 33. h4 Nd7 34. h5 gxh5
35. Qxh5 Nf6 36. Nxf6 Qxf6 37. Re4 Rg8 38. Rh4 Be7 39. Be4 Bd8 40. f3 Be7 41.
Rfh1 Kf8 42. Qxh6+ Qxh6 43. Rxh6 Rf6 44. R6h5 Rf7 45. Rb1 Bg5 46. b4 axb4 47.
axb4 Bf4 48. g4 cxb4 49. Rxb4 Rc7 50. Ra4 Rgg7 51. Rh8+ Ke7 52. Bf5 Be3 53.
Raa8 Rxc4 54. Rhf8 Rf7 55. Rae8+ Kf6 56. Re6+ Kg7 57. Rd8 Rfc7 58. Rg6+ Kf7 59.
Rdg8 Rc2+ 60. Kh3 Rc1 61. Be6+ Ke7 62. R6g7+ Kf6 63. g5+ Bxg5 64. Rxg5 Rh7+ 65.
Kg2 e4 66. fxe4 b5 67. R8g6+ Ke7 68. Rg7+ Rxg7 69. Rxg7+ Kf6 70. Rb7 Rb1 71.
Kf3 Ke5 72. Rb6 b4 73. Ke2 Kxe4 74. Kd2 Kd4 75. Kc2 1-0

[Event "Europa ch Femenino 2013"]
[Site "Belgrado SER"]
[Date "2013.08.02"]
[Round "10.4"]
[White "Kochetkova, Julia"]
[Black "Gaponenko, Inna"]
[Result "1/2-1/2"]
[WhiteElo "2328"]
[BlackElo "2393"]
[PlyCount "120"]
[EventDate "2013.07.23"]
[EventType "swiss"]
[EventRounds "11"]
[EventCountry "SER"]
[Source "lmi"]
[SourceDate "2013.07.22"]

1. e4 d6 2. d4 Nf6 3. Nc3 g6 4. Be3 c6 5. h3 Nbd7 6. g3 e5 7. dxe5 dxe5 8. Bg2
Qe7 9. Nge2 Bg7 10. O-O O-O 11. Qc1 Nc5 12. Bh6 Rd8 13. Bxg7 Kxg7 14. Qe3 Be6
15. Rfd1 Bc4 16. Rxd8 Rxd8 17. Rd1 Rxd1+ 18. Nxd1 Bxe2 19. Qxe2 Qd6 20. Kh2 Qd4
21. c3 Qd3 22. Qxd3 Nxd3 23. Kg1 Nc5 24. Ne3 b5 25. f3 Nh5 26. Kh2 Nd3 27. Nd1
Nc1 28. a3 Ne2 29. g4 Nhf4 30. Bf1 Nc1 31. c4 a6 32. cxb5 axb5 33. Kg3 Kf6 34.
Kf2 Nb3 35. Ke3 Kg5 36. Nc3 Kh4 37. a4 bxa4 38. Nxa4 f6 39. Nb6 Nd4 40. Nd7 Kg5
41. Kf2 h5 42. h4+ Kxh4 43. Nxf6 Nfe6 44. gxh5 gxh5 45. Nd7 Kg5 46. Nxe5 h4 47.
Bh3 Nf4 48. Bg4 c5 49. Nd7 Nd3+ 50. Ke3 Nxb2 51. Nxc5 Nc2+ 52. Kd2 Na3 53. Ne6+
Kf6 54. Nf4 Nbc4+ 55. Ke2 Nb5 56. Kf2 Nd4 57. Ng2 Ne5 58. Nxh4 Nxg4+ 59. fxg4
Kg5 60. Nf5 Kxg4 1/2-1/2

[Event "Europa ch Femenino 2013"]
[Site "Belgrado SER"]
[Date "2013.08.02"]
[Round "10.5"]
[White "Voicu-Jagodzinsky, Carmen"]
[Black "Zawadzka, Jolanta"]
[Result "1-0"]
[WhiteElo "2296"]
[BlackElo "2393"]
[PlyCount "73"]
[EventDate "2013.07.23"]
[EventType "swiss"]
[EventRounds "11"]
[EventCountry "SER"]
[Source "lmi"]
[SourceDate "2013.07.22"]

1. e4 c5 2. Nf3 d6 3. d4 cxd4 4. Nxd4 Nf6 5. Nc3 a6 6. g3 e5 7. Nde2 Be7 8. Bg2
O-O 9. a4 b6 10. h3 Bb7 11. g4 Nbd7 12. Ng3 Nc5 13. Be3 Rc8 14. O-O g6 15. Qd2
Ne6 16. Rad1 Qc7 17. Rfe1 Rfe8 18. Re2 Ba8 19. Nd5 Nxd5 20. exd5 Ng7 21. Kh2
Bd8 22. Bh6 Qd7 23. Be4 Qxa4 24. Rg1 Bf6 25. Nh5 gxh5 26. gxh5 Kf8 27. c3 Qc4
28. f3 Rc5 29. Reg2 Rxd5 30. Bxg7+ Bxg7 31. Qg5 Bh8 32. Qh4 f6 33. Rg8+ Kf7 34.
Bg6+ hxg6 35. hxg6+ Ke7 36. Rxe8+ Kxe8 37. Qxc4 1-0

[Event "Europa ch Femenino 2013"]
[Site "Belgrado SER"]
[Date "2013.08.02"]
[Round "10.6"]
[White "Ozturk, Kubra"]
[Black "Ovod, Evgenija"]
[Result "1-0"]
[WhiteElo "2293"]
[BlackElo "2386"]
[PlyCount "91"]
[EventDate "2013.07.23"]
[EventType "swiss"]
[EventRounds "11"]
[EventCountry "SER"]
[Source "lmi"]
[SourceDate "2013.07.22"]

1. Nf3 f5 2. d4 Nf6 3. c4 g6 4. g3 Bg7 5. Bg2 O-O 6. b4 d6 7. Bb2 Ne4 8. O-O c5
9. b5 cxd4 10. Bxd4 Nd7 11. Bxg7 Kxg7 12. Nc3 Nec5 13. Qd4+ Nf6 14. Rfd1 Be6
15. Nd2 Rc8 16. e4 fxe4 17. Ncxe4 Ncxe4 18. Bxe4 b6 19. Re1 Bg8 20. Bc6 e5 21.
Qd3 Be6 22. Rad1 Qe7 23. Nf1 Rcd8 24. Ne3 Qf7 25. Rd2 h5 26. h4 Kh6 27. Qa3
Bxc4 28. Nxc4 Qxc4 29. Rxd6 Ng4 30. Rxd8 Rxd8 31. Bf3 Qxb5 32. Bxg4 hxg4 33.
Qe3+ Kg7 34. Qg5 Re8 35. h5 Qd3 36. Rc1 Qd6 37. Qxg4 e4 38. Rd1 Qe6 39. Rd7+
Kh6 40. Qf4+ g5 41. Qc7 Kxh5 42. Rd6 Qf5 43. Qg7 Rc8 44. Rf6 Rc1+ 45. Kg2 Qb5
46. Qh6+ 1-0

[Event "Europa ch Femenino 2013"]
[Site "Belgrado SER"]
[Date "2013.08.02"]
[Round "10.7"]
[White "Arakhamia-Grant, Ketevan"]
[Black "Mammadova, Gulnar"]
[Result "1-0"]
[WhiteElo "2385"]
[BlackElo "2322"]
[PlyCount "81"]
[EventDate "2013.07.23"]
[EventType "swiss"]
[EventRounds "11"]
[EventCountry "SER"]
[Source "lmi"]
[SourceDate "2013.07.22"]

1. e4 e6 2. d4 d5 3. Nc3 Bb4 4. e5 c5 5. a3 Bxc3+ 6. bxc3 Qc7 7. Nf3 Ne7 8. a4
b6 9. Bb5+ Bd7 10. Bd3 Nbc6 11. O-O h6 12. Re1 O-O 13. h4 cxd4 14. cxd4 Nb4 15.
Ba3 Nxd3 16. cxd3 Rfe8 17. Bd6 Qc6 18. Qd2 Rac8 19. Rec1 Qb7 20. Rcb1 Nf5 21.
Bb4 Bc6 22. g4 Ne7 23. h5 Qd7 24. a5 bxa5 25. Rxa5 Ra8 26. Bd6 a6 27. Rc5 Nc8
28. Rbc1 Nxd6 29. exd6 e5 30. Nh2 Bb5 31. dxe5 Rxe5 32. Qf4 Re6 33. Rc7 Qe8 34.
Nf3 Rf6 35. Qg3 Rd8 36. Ne5 Kh7 37. Re7 Qf8 38. Rcc7 Be8 39. Qe3 a5 40. Qa7 Kg8
41. Ng6 1-0

[Event "Europa ch Femenino 2013"]
[Site "Belgrado SER"]
[Date "2013.08.02"]
[Round "10.8"]
[White "Paehtz, Elisabeth"]
[Black "Ibrahimova, Sabina"]
[Result "1-0"]
[WhiteElo "2454"]
[BlackElo "2168"]
[PlyCount "83"]
[EventDate "2013.07.23"]
[EventType "swiss"]
[EventRounds "11"]
[EventCountry "SER"]
[Source "lmi"]
[SourceDate "2013.07.22"]

1. d4 Nf6 2. g3 g6 3. Bg2 Bg7 4. e4 d6 5. Ne2 c5 6. c3 O-O 7. O-O cxd4 8. cxd4
Nc6 9. Nbc3 e5 10. d5 Ne7 11. Qb3 Qa5 12. a4 Bd7 13. Bd2 Rfc8 14. Rfd1 Qc5 15.
Rdc1 Ng4 16. Nd1 Qb6 17. Qxb6 axb6 18. Bb4 Bh6 19. f4 exf4 20. gxf4 Re8 21.
Bxd6 Nxd5 22. Bf3 Nde3 23. Nxe3 Nxe3 24. Ra3 Re6 25. Bc7 Bf8 26. Rxe3 Bc5 27.
Rxc5 bxc5 28. a5 Bc6 29. Nc3 c4 30. Be2 Re7 31. Bb6 Rae8 32. Bxc4 g5 33. Rg3
Bxe4 34. Rxg5+ Bg6 35. Rg3 Rc8 36. Bd5 Kf8 37. b4 Re1+ 38. Kf2 Rc1 39. Bc5+ Ke8
40. Bxb7 Rc2+ 41. Ne2 Rc7 42. a6 1-0

[Event "Europa ch Femenino 2013"]
[Site "Belgrado SER"]
[Date "2013.08.02"]
[Round "10.9"]
[White "Bodnaruk, Anastasia"]
[Black "Olsarova, Karolina"]
[Result "1-0"]
[WhiteElo "2440"]
[BlackElo "2246"]
[PlyCount "75"]
[EventDate "2013.07.23"]
[EventType "swiss"]
[EventRounds "11"]
[EventCountry "SER"]
[Source "lmi"]
[SourceDate "2013.07.22"]

1. e4 e5 2. Nf3 Nc6 3. Bb5 Nf6 4. d3 Bc5 5. c3 O-O 6. O-O d6 7. h3 h6 8. Nbd2
Bb6 9. Re1 Ne7 10. Nf1 c6 11. Ba4 Ng6 12. Ng3 d5 13. exd5 Nxd5 14. d4 exd4 15.
Nxd4 Bd7 16. Bc2 Qc7 17. Qf3 Rae8 18. Bd2 Re5 19. Ndf5 Rfe8 20. c4 Rxe1+ 21.
Bxe1 Ne5 22. Qb3 Nf4 23. Bd2 Ne6 24. Nh5 Kh8 25. Re1 Rg8 26. Qc3 f6 27. b4 Qd8
28. c5 Bc7 29. f4 Ng6 30. Nd6 Bxd6 31. Bxg6 Bc7 32. Bf7 Rf8 33. Bxe6 Bxe6 34.
Rxe6 Qd5 35. f5 Qxf5 36. Nxg7 Kxg7 37. Re7+ Rf7 38. Rxc7 1-0